Sociologický časopis
| Format: | Journal |
|---|---|
| Language: | Czech English |
| PhysicalDescription: | 60 zv. 24 cm |
| Published: |
Praha
Nakladatelství Československé akademie věd
1965
Praha Academia Praha Sociologický ústav Akademie věd České republiky |
| ISSN: | 0038-0288 |
| Subjects: | |
| Online Access: | http://sreview.soc.cas.cz/ |
MARC
| LEADER | 00000nas a2200000 a 4500 | ||
|---|---|---|---|
| 001 | vtls008412714 | ||
| 003 | SK-MaSNL | ||
| 005 | 20260228161035.0 | ||
| 008 | 051130d19652024xr br p 0 b0cze d | ||
| 022 | |a 0038-0288 | ||
| 035 | |a (SVKBB03)vtls000048211 | ||
| 040 | |a SVKPO |b slo |c SVKPO |d SNK |d SVKBB |d SAVUK |e AACR2 | ||
| 041 | 0 | |a cze |a eng |b eng | |
| 044 | |a xr |c CZ | ||
| 072 | 7 | |a 316 |x Sociológia |2 konspekt | |
| 080 | |a 050 |2 2001 | ||
| 080 | |a 316 |2 2001 | ||
| 210 | 0 | |a Sociol. čas. | |
| 222 | 0 | |a Sociologický časopis | |
| 245 | 0 | 0 | |a Sociologický časopis |
| 246 | 1 | 1 | |a Czech sociological review |
| 246 | 1 | 2 | |a Soukromé je veřejné: gender, péče a veřejnost |f 1/2009 |
| 246 | 1 | 2 | |a Instituce genderu a gender institucí |f 4/2009 |
| 260 | |a Praha |b Nakladatelství Československé akademie věd |c 1965 | ||
| 260 | 2 | |3 1966-1992 |a Praha |b Academia | |
| 260 | 3 | |3 1993-2024 |a Praha |b Sociologický ústav Akademie věd České republiky | |
| 300 | |a 60 zv. |c 24 cm | ||
| 310 | |a 6x ročne |b 2002 | ||
| 321 | |a 4x ročne |b 1993-2001 | ||
| 321 | |a 6x ročne |b 1965-1992 | ||
| 362 | 0 | |a Roč. 1, č. 1 (1965)-roč. 60, č. 6 (2024) | |
| 515 | |a Vychádzajú 4 čísla v čestine a 2 čísla v angličtine | ||
| 546 | |a Čiast. text v slov. | ||
| 550 | |a 1965 vydáva Vědecké kolegium filosofie ČSAV v Nakladatelství ČSAV, Praha | ||
| 650 | 0 | 7 | |a sociológia |2 SNKPH |9 1010 |
| 650 | 0 | 7 | |a Sociology |2 SNKPHeng |9 265226 |
| 655 | 7 | |a vedecké časopisy |2 SNKPH |9 70520 | |
| 655 | 7 | |a Scientific journals |2 SNKPHeng |9 265227 | |
| 710 | 2 | |a Akademie věd České republiky. |b Sociologický ústav |4 pbl |9 211664 | |
| 710 | 2 | |a Československá akademie věd. |b Vědecké kolegium filosofie |4 pbl |9 267845 | |
| 852 | |a Štátna vedecká knižnica v Banskej Bystrici | ||
| 852 | |a Štátna vedecká knižnica v Prešove | ||
| 856 | 4 | 1 | |u http://sreview.soc.cas.cz/ |
| 910 | |a snk | ||
| 910 | |a savuk | ||
| 999 | |c 4154 |d 6084 | ||
| 952 | |0 0 |1 0 |4 0 |7 0 |8 3 |a SNK |b SNK |d 2025-06-27 |i snk2025/10177 |l 0 |o snkČC 2317/59/2023/1 |p 17A1556815 |r 2026-02-21 19:51:37 |t č. 1-3 |w 2026-02-21 |y PREZ | ||
| 952 | |0 0 |1 0 |4 0 |7 0 |8 3 |a SNK |b SNK |d 2025-06-27 |i snk2025/10180 |l 0 |o snkČC 2317/59/2023/2 |p 17A1556814 |r 2026-02-21 19:51:37 |t č. 4-6 + obsah |w 2026-02-21 |y PREZ |z V č. 6 obsah ročníka | ||
| 952 | |0 0 |1 1 |4 0 |7 0 |8 4 |a SNK |b SNK |d 2011-03-22 |i snk2011/6564 |l 0 |o snkČC 2317/43/2007/1 |p 17A0679115 |r 2026-02-21 19:56:51 |t č. 1-3 |w 2026-02-21 |y PREZ | ||
| 952 | |0 0 |1 1 |4 0 |7 0 |8 4 |a SNK |b SNK |d 2011-03-22 |i snk2011/6565 |l 0 |o snkČC 2317/43/2007/2 |p 17A0679116 |r 2026-02-21 19:56:51 |t č. 4-6 |w 2026-02-21 |y PREZ | ||
| 952 | |0 0 |1 1 |4 0 |7 0 |8 4 |a SNK |b SNK |d 2011-03-22 |i snk2011/6566 |l 0 |o snkČC 2317/44/2008/1 |p 17A0679117 |r 2026-02-21 19:56:51 |t č. 1-3 + obsah v č. 1 |w 2026-02-21 |y PREZ | ||
| 952 | |0 0 |1 1 |4 0 |7 0 |8 4 |a SNK |b SNK |d 2011-03-22 |i snk2011/6567 |l 0 |o snkČC 2317/44/2008/2 |p 17A0679118 |r 2026-02-21 19:56:51 |t č. 4-6 |w 2026-02-21 |y PREZ | ||
| 952 | |0 0 |1 1 |4 0 |7 0 |8 4 |a SNK |b SNK |d 2011-03-22 |i snk2011/6568 |l 0 |o snkČC 2317/45/2009/1 |p 17A0679103 |r 2026-02-21 19:56:52 |t č. 1-3 |w 2026-02-21 |y PREZ | ||
| 952 | |0 0 |1 0 |4 0 |7 0 |8 3 |a SNK |b SNK |d 2024-05-07 |i snk2024/7334 |l 0 |o snkČC 2317/57/2021/1 |p 17A1522432 |r 2026-02-21 20:00:57 |t č. 1-3 |w 2026-02-21 |y PREZ | ||
| 952 | |0 0 |1 0 |4 0 |7 0 |8 3 |a SNK |b SNK |d 2024-05-07 |i snk2024/7336 |l 0 |o snkČC 2317/57/2021/2 |p 17A1522433 |r 2026-02-21 20:00:57 |t č. 4-6 |w 2026-02-21 |y PREZ | ||
| 952 | |0 0 |1 0 |4 0 |7 0 |8 3 |a SNK |b SNK |d 2024-05-07 |i snk2024/7337 |l 0 |o snkČC 2317/58/2022/1 |p 17A1522434 |r 2026-02-21 20:00:57 |t č. 1-3 |w 2026-02-21 |y PREZ | ||
| 952 | |0 0 |1 0 |4 0 |7 0 |8 3 |a SNK |b SNK |d 2024-05-07 |i snk2024/7338 |l 0 |o snkČC 2317/58/2022/2 |p 17A1522435 |r 2026-02-21 20:00:57 |t č. 4-6 |w 2026-02-21 |y PREZ | ||
| 952 | |0 0 |1 0 |4 0 |7 0 |8 4 |a SNK |b SNK |d 2022-04-11 |i snk2022/5404 |l 0 |o snkČC 2317/55/2019/1 |p 17A1462704 |r 2026-02-21 20:03:35 |t č. 1-3 |w 2026-02-21 |y PREZ | ||
| 952 | |0 0 |1 0 |4 0 |7 0 |8 4 |a SNK |b SNK |d 2022-04-11 |i snk2022/5405 |l 0 |o snkČC 2317/55/2019/2 |p 17A1462705 |r 2026-02-21 20:03:35 |t č. 4-6 |w 2026-02-21 |y PREZ | ||
| 952 | |0 0 |1 1 |4 0 |7 0 |8 4 |a SNK |b SNK |d 2013-04-19 |i snk2013/8952 |l 0 |o snkČC 2317/47/2011/2 |p 17A0868931 |r 2026-02-21 20:08:47 |t č. 4-6 |w 2026-02-21 |y PREZ | ||
| 952 | |0 0 |1 1 |4 0 |7 0 |8 4 |a SNK |b SNK |d 2011-03-22 |i snk2011/6569 |l 0 |o snkČC 2317/45/2009/2 |p 17A0679104 |r 2026-02-21 20:09:06 |t č. 4-6 |w 2026-02-21 |y PREZ | ||
| 952 | |0 0 |1 0 |4 0 |7 0 |8 3 |a SNK |b SNK |d 2023-03-02 |i snk2023/3699 |l 0 |o snkČC 2317/56/2020/1 |p 17A1519827 |r 2026-02-21 20:12:47 |t č. 1-3 |w 2026-02-21 |y PREZ | ||
| 952 | |0 0 |1 0 |4 0 |7 0 |8 3 |a SNK |b SNK |d 2023-03-02 |i snk2023/3700 |l 0 |o snkČC 2317/56/2020/2 |p 17A1519828 |r 2026-02-21 20:12:47 |t č. 4-6 |w 2026-02-21 |y PREZ | ||
| 952 | |0 0 |1 0 |4 0 |7 0 |8 4 |a SNK |b SNK |d 2020-02-24 |i snk2020/4484 |l 0 |o snkČC 2317/53/2017/1 |p 17A1385609 |r 2026-02-21 20:13:59 |t č. 1-3 |w 2026-02-21 |y PREZ | ||
| 952 | |0 0 |1 0 |4 0 |7 0 |8 4 |a SNK |b SNK |d 2020-02-24 |i snk2020/4496 |l 0 |o snkČC 2317/53/2017/2 |p 17A1385610 |r 2026-02-21 20:13:59 |t č. 4-6 |w 2026-02-21 |y PREZ | ||
| 952 | |0 0 |1 1 |4 0 |7 0 |8 4 |a SNK |b SNK |d 2013-04-19 |i snk2013/8949 |l 0 |o snkČC 2317/47/2011/1 |p 17A0868930 |r 2026-02-21 20:14:44 |t č. 1-3 |w 2026-02-21 |y PREZ | ||
| 952 | |0 0 |1 0 |4 0 |7 0 |8 4 |a SNK |b SNK |d 2020-09-14 |i snk2020/16143 |l 0 |o snkČC 2317/54/2018/1 |p 17A1432157 |r 2026-02-21 20:19:20 |t č. 1-3 |w 2026-02-21 |y PREZ | ||
| 952 | |0 0 |1 1 |4 0 |7 0 |8 4 |a SNK |b SNK |d 2012-05-16 |i snk2012/9393 |l 0 |o snkČC 2317/46/2010/1 |p 17A0858033 |r 2026-02-21 20:29:59 |t č. 1-3 |w 2026-02-21 |y PREZ | ||
| 952 | |0 0 |1 1 |4 0 |7 0 |8 4 |a SNK |b SNK |d 2012-05-16 |i snk2012/9394 |l 0 |o snkČC 2317/46/2010/2 |p 17A0858034 |r 2026-02-21 20:29:59 |t č. 4-6 |w 2026-02-21 |y PREZ | ||
| 952 | |0 0 |1 0 |4 0 |7 0 |8 4 |a SNK |b SNK |d 2014-11-10 |i snk2014/24511 |l 0 |o snkČC 2317/48/2012/1 |p 17A0870459 |r 2026-02-21 20:32:36 |t č. 1-3 |w 2026-02-21 |y PREZ | ||
| 952 | |0 0 |1 0 |4 0 |7 0 |8 4 |a SNK |b SNK |d 2014-11-10 |i snk2014/24513 |l 0 |o snkČC 2317/48/2012/2 |p 17A0870460 |r 2026-02-21 20:32:36 |t č. 4-6 |w 2026-02-21 |y PREZ | ||
| 952 | |0 0 |1 1 |4 0 |7 0 |8 4 |a SNK |b SNK |d 2008-04-01 |i snk2008/7305 |l 0 |o snkČC 2317/40/2004 |p 17A0574809 |r 2026-02-21 21:01:06 |t č. 1-6 |w 2026-02-21 |y PREZ | ||
| 952 | |0 0 |1 1 |4 0 |7 0 |8 4 |a SNK |b SNK |d 2008-04-01 |i snk2008/7306 |l 0 |o snkČC 2317/41/2005/1 |p 17A0574810 |r 2026-02-21 21:01:06 |t č. 1-3 |w 2026-02-21 |y PREZ | ||
| 952 | |0 0 |1 1 |4 0 |7 0 |8 4 |a SNK |b SNK |d 2008-04-01 |i snk2008/7307 |l 0 |o snkČC 2317/41/2005/2 |p 17A0574811 |r 2026-02-21 21:01:06 |t č. 4-6 |w 2026-02-21 |y PREZ | ||
| 952 | |0 0 |1 1 |4 0 |7 0 |8 4 |a SNK |b SNK |d 2008-04-01 |i snk2008/7308 |l 0 |o snkČC 2317/42/2006/1 |p 17A0574812 |r 2026-02-21 21:01:06 |t č. 1-3 |w 2026-02-21 |y PREZ | ||
| 952 | |0 0 |1 1 |4 0 |7 0 |8 4 |a SNK |b SNK |d 2008-04-01 |i snk2008/7309 |l 0 |o snkČC 2317/42/2006/2 |p 17A0574813 |r 2026-02-21 21:01:06 |t č. 4-6 |w 2026-02-21 |y PREZ | ||
| 952 | |0 0 |1 1 |4 0 |7 0 |8 4 |a SNK |b SNK |d 2007-08-15 |i snk2007/18788 |l 0 |o snkČC 2317/38/2002 |p 17A0534772 |r 2026-02-21 21:11:27 |t č. 1-6 |w 2026-02-21 |y PREZ | ||
| 952 | |0 0 |1 1 |4 0 |7 0 |8 4 |a SNK |b SNK |d 2007-08-15 |i snk2007/18793 |l 0 |o snkČC 2317/39/2003 |p 17A0534748 |r 2026-02-21 21:11:27 |t č. 1-6 |w 2026-02-21 |y PREZ | ||
| 952 | |0 0 |1 0 |4 0 |7 0 |8 4 |a SNK |b SNK |d 2015-03-18 |i snk2015/9486 |l 0 |o snkČC 2317/49/2013/1 |p 17A1143341 |r 2026-02-21 21:15:18 |t č. 1-3 |w 2026-02-21 |y PREZ | ||
| 952 | |0 0 |1 0 |4 0 |7 0 |8 4 |a SNK |b SNK |d 2015-03-18 |i snk2015/9487 |l 0 |o snkČC 2317/49/2013/2 |p 17A1143342 |r 2026-02-21 21:15:18 |t č. 4-6 |w 2026-02-21 |y PREZ | ||
| 952 | |0 0 |1 0 |4 0 |7 0 |8 4 |a SNK |b SNK |d 2018-10-26 |i snk2018/22258 |l 0 |o snkČC 2317/52/2016/1 |p 17A1339903 |r 2026-02-21 21:58:02 |t č. 1-3 |w 2026-02-21 |y PREZ | ||
| 952 | |0 0 |1 0 |4 0 |7 0 |8 4 |a SNK |b SNK |d 2018-10-26 |i snk2018/22260 |l 0 |o snkČC 2317/52/2016/2 |p 17A1339904 |r 2026-02-21 21:58:02 |t č. 4-6 |w 2026-02-21 |y PREZ | ||
| 952 | |0 0 |1 0 |4 0 |7 0 |8 4 |a SNK |b SNK |d 2020-09-14 |i snk2020/16144 |l 0 |o snkČC 2317/54/2018/2 |p 17A1432158 |r 2026-02-21 22:15:47 |t č. 4-6 |w 2026-02-21 |y PREZ | ||
| 952 | |0 0 |1 0 |4 0 |7 1 |8 4 |a SNK |b SNK |d 2016-06-01 |i snk2016/14215 |l 0 |o snkČC 2317/50/2014/1 |p 17A1095654 |r 2026-02-21 22:24:00 |t č. 1-3 |w 2026-02-21 |y NEVYP | ||
| 952 | |0 0 |1 0 |4 0 |7 1 |8 4 |a SNK |b SNK |d 2016-06-01 |i snk2016/14220 |l 0 |o snkČC 2317/50/2014/2 |p 17A1095655 |r 2026-02-21 22:24:00 |t č. 4-6 |w 2026-02-21 |y NEVYP | ||
| 952 | |0 0 |1 0 |4 0 |7 0 |8 4 |a SNK |b SNK |d 2017-07-03 |i snk2017/15455 |l 0 |o snkČC 2317/51/2015/1 |p 17A1206846 |r 2026-02-21 22:25:10 |t č. 1-3 |w 2026-02-21 |y PREZ | ||
| 952 | |0 0 |1 0 |4 0 |7 0 |8 4 |a SNK |b SNK |d 2017-07-03 |i snk2017/15459 |l 0 |o snkČC 2317/51/2015/2 |p 17A1206847 |r 2026-02-21 22:25:10 |t č. 4-6 |w 2026-02-21 |y PREZ | ||


